[Event "Berlin Lichtenberger op 15th"]
[Site "Berlin"]
[Date "2016.08.19"]
[Round "7"]
[White "Ho, Ngoc Hai Dang"]
[Black "Maple, Shawn"]
[Result "1-0"]
[WhiteElo "1242"]
[BlackElo "1726"]
[PlyCount "57"]
[EventDate "2016.08.13"]
[EventType "swiss"]
[EventRounds "9"]
[EventCountry "GER"]
[SourceTitle "CBM 173 Extra"]
[Source "ChessBase"]
[SourceDate "2016.08.29"]
[SourceVersion "1"]
[SourceVersionDate "2016.08.29"]
[SourceQuality "1"]

1. e4 c5 2. Nf3 d6 3. Bc4 Nc6 4. d4 cxd4 5. Nxd4 Nf6 6. Nc3 a6 7. Nxc6 bxc6 8. e5 Nd7 9. exd6 exd6 10. 0-0 Be7 11. Re1 Nf6 12. Qe2 Ra7 13. Be3 c5 14. Rad1 Qb6 15. Bb3 0-0 16. Bg5 h6 17. Bh4 Bd8 18. Qd3 Ne8 19. Nd5 Qb7 20. Bxd8 Kh8 21. Be7 Rg8 22. Nf4 Qb4 23. g3 g5 24. Bxf7 Rg7 25. Ng6+ Kh7 26. Bxe8 Qb7 27. Nf8+ Kh8 28. Bf6 Bh3 29. Qh7# 1-0

[Event "Berlin Lichtenberger op 15th"]
[Site "Berlin"]
[Date "2016.08.18"]
[Round "6"]
[White "Maple, Shawn"]
[Black "Keusch, Horst"]
[Result "0-1"]
[WhiteElo "1726"]
[BlackElo "1973"]
[PlyCount "32"]
[EventDate "2016.08.13"]
[EventType "swiss"]
[EventRounds "9"]
[EventCountry "GER"]
[SourceTitle "CBM 173 Extra"]
[Source "ChessBase"]
[SourceDate "2016.08.29"]
[SourceVersion "1"]
[SourceVersionDate "2016.08.29"]
[SourceQuality "1"]

1. d4 Nf6 2. c4 e6 3. Nf3 b6 4. Bf4 Bb7 5. e3 Ne4 6. a3 f5 7. Qc2 Be7 8. Be2 0-0 9. 0-0 d6 10. Nbd2 Nd7 11. h3 Qe8 12. Rfd1 Qg6 13. Nf1 Ndf6 14. Qb3 Nh5 15. Bh2 f4 16. Bd3 fxe3 0-1

[Event "Berlin Lichtenberger op 15th"]
[Site "Berlin"]
[Date "2016.08.15"]
[Round "3"]
[White "Muskewitz, Bernd"]
[Black "Maple, Shawn"]
[Result "1-0"]
[WhiteElo "1951"]
[BlackElo "1726"]
[PlyCount "51"]
[EventDate "2016.08.13"]
[EventType "swiss"]
[EventRounds "9"]
[EventCountry "GER"]
[SourceTitle "CBM 173 Extra"]
[Source "ChessBase"]
[SourceDate "2016.08.29"]
[SourceVersion "1"]
[SourceVersionDate "2016.08.29"]
[SourceQuality "1"]

1. e4 c5 2. Nf3 e6 3. c3 d5 4. exd5 Qxd5 5. d4 Nc6 6. Be2 Nf6 7. 0-0 Be7 8. Be3 cxd4 9. Nxd4 Nxd4 10. Bxd4 0-0 11. Bf3 Qd8 12. Nd2 Qc7 13. Qe2 Rd8 14. Nc4 Nd7 15. Rfd1 Bf6 16. Bxf6 Nxf6 17. Rxd8+ Qxd8 18. Rd1 Qc7 19. Qe5 Qe7 20. Nd6 Nd7 21. Qb5 Nb6 22. Qe2 Rb8 23. Qe5 Nd7 24. Qa5 Nb6 25. Qxa7 Qc7 26. Nb5 1-0